The strategy of financial pressure

Wedi'i Gadw mewn:
Manylion Llyfryddiaeth
Prif Awdur: Grant, A.T.K.
Fformat: Llyfr
Iaith:Undetermined
Cyhoeddwyd: London Macmillan 1972
Pynciau:
Tagiau: Ychwanegu Tag
Dim Tagiau, Byddwch y cyntaf i dagio'r cofnod hwn!
Thư viện lưu trữ: Trung tâm Học liệu Trường Đại học Cần Thơ
LEADER 00459nam a2200181Ia 4500
001 CTU_86158
008 210402s9999 xx 000 0 und d
082 |a 332.4 
082 |b G761 
100 |a Grant, A.T.K. 
245 4 |a The strategy of financial pressure 
245 0 |c A.T.K. Grant 
260 |a London 
260 |b Macmillan 
260 |c 1972 
650 |a Fiscal policy 
904 |i Năm 
980 |a Trung tâm Học liệu Trường Đại học Cần Thơ